Normal view
MARC view
- Zaharia, Matei
Entry Personal Name
001 - CONTROL NUMBER
- control field: 123695
003 - CONTROL NUMBER IDENTIFIER
- control field: NUST
005 - DATE AND TIME OF LATEST TRANSACTION
- control field: 20240613203425.0
008 - FIXED-LENGTH DATA ELEMENTS
- fixed length control field: 240613|| aca||aabn | a|a d
040 ## - CATALOGING SOURCE
- Original cataloging agency: NUST
- Transcribing agency: NUST
100 ## - HEADING--PERSONAL NAME
- Personal name: Zaharia, Matei
670 ## - SOURCE DATA FOUND
- Source citation: Work cat.: (NUST)0: Chambers, Bill (William Andrew), author. 123683, Spark :, 2018.
